000 00437nam a2200157 i 4500
001 149904
003 ES-MaACL
005 20230906203314.0
007 t|
008 071025s1969 sp ||||1| spa d
100 1 _aValladares Conde, Alejandro.
_9112731
245 1 0 _aMotores /
_c[Alejandro Valladares Conde].
260 _aMadrid :
_bRealigraf,
_c1969.
300 _a152 p. :
_bil. ;
_c24 cm.
852 _aES-MaACL
_jC-46759
_bR.71080
999 _c149904
_d149904